| 000 | 00415cam a2200169ua 4500 | ||
|---|---|---|---|
| 020 | _c1.00 | ||
| 041 |
_aeng _h |
||
| 082 |
_a320.58 _bBEN/GA |
||
| 100 | _aBenoy , Gopal Ray . | ||
| 245 |
_aGandhiyan Ethics / _cBenoy Gopal Ray. _hTextual Documents |
||
| 260 |
_aAhmadabad : _bNavajivan publishing house , _c1958. |
||
| 300 | _a59 ; . | ||
| 365 | _a1.00 | ||
| 504 | _a | ||
| 942 | _cBK | ||
| 999 |
_c929 _d929 |
||